000 01006nac a22003017a 4500
001 BR9700987
003 BR-BrBNA
005 20240105121907.0
008 230509b bl.|||m| |||| 00| 0 por d
040 _aBR-BrBNA
_bpor
_cBiblioteca Nacional de Agricultura
072 _aM11; M40
090 _a8310 BR9700987
100 1 _aIsaac, V.J.
100 1 _aDias Neto, J.
100 1 _aDamasceno, F.G.
110 1 _aInstituto Brasileiro do Meio Ambiente e dos Recursos Renovaveis, Brasilia, DF (Brasil)
_95935
245 1 _aCamarao-rosa da Costa Norte. Biologia, dinamica e administracao pesqueira
260 3 _aBrasilia, DF (Brasil):
_c1992.
300 _a187 p.
490 _aColecao Meio Ambiente. Serie Estudos Pesca (Brazil)
_vno. 1
_x
500 _aSummaries (En, Pt); Bibliography p. 179-187
650 _aCamarao Rosa
650 _aProducao Pesqueira
650 _aPesca
650 _aAdministracao Pesqueira
909 _a202312
_bLúcia Elande
_c55
_dLúcia Elande
942 _2AGRIS
_n0
_cMS
999 _c288081
_d288081